000 00381cam a22001217a 4500
008 180718b1977 xxu||||| |||| 00| 0 eng d
082 _aA81x54 In2/71/9/PT9A
100 _aCensus of India 1971
245 _aKerala: administrative atlas
260 _aTrivandrum
_bDirector of Census Operations
_c1977
300 _a265+p.
440 _aCensus of India 1971. Series-9, Kerala. Part IX-A
999 _c485241
_d485241